LEADER 01203nam a2200241 i 4500 001 000000222705 003 CaOOAMICUS 005 20130924000000.0 008 130924s1997 it u000 u ita u 013 $a201602 040 $aSeMil$bita 100 1 $aKwiatkowski, Boguslaw Daniel.$0(OLS)http://semarc/name/77760 245 13$aIl pensiero cristologico nell'opera di Giovanni Moioli :$bdissertatio ad lauream in Facultate S. Theologiae apud Pontificiam Universitatem S. Thomae in Urbe /$cBoguslaw Daniel Kwiatkowski. 260 $aRoma :$b[s.n.],$c1997. 300 $a[50] p. ;$c30 cm. 500 $aFotocopie. 650 4$aCristologia - Studi.$0(OLS)http://semarc/subject/282 650 4$aMoioli, Giovanni - Spiritualitą.$0(OLS)http://semarc/subject/19066 850 $aSeMil 852 $aSeMil$W1$xVenegono$y1$m5D VII 19/22$j173051$B173051$CSeMilBibl$Z2$F183350 $81 961 $aOmaggio: Altro 996 $6245$aIl pensiero cristologico nell'opera di Giovanni Moioli :$bdissertatio ad lauream in Facultate S. Theologiae apud Pontificiam Universitatem S. Thomae in Urbe$9(OLS)http://semarc/title/319289 996 $6260$aRoma :$b[s.n.]$9(OLS)http://semarc/publisher/29738 LEADER 00841nam a2200205 i 4500 001 000000105795 003 CaOOAMICUS 005 20020827000000.0 008 020827s1994 it u000 u ita u 013 $a77989 040 $aSeMil$bita 100 1 $aGuardini, Rachele.$0(OLS)http://semarc/name/44564 245 10$aLettere (1838-1839) 300 $a495 p., [15] c. di tav. 700 1 $aCarbone, Vincenzo .$0(OLS)http://semarc/name/3664 773 0 $aCarbone, Vincenzo $tContemplativa nella vita attiva.$dVenezia : Istituto delle Suore Maestre di S. Dorotea, 1993-1994.$gVolume2$w()7025 850 $aSeMil 852 $aSeMil$W1$xVenegono$y1$m3J III 276$j61957$B61957$CSeMilBibl$Z2$F72005 $81 961 $aOmaggio: Apeciti mons. Ennio 996 $6245$aLettere (1838-1839)$9(OLS)http://semarc/title/153240